01647 am a2200433 a 450000500170000000800410001702000150005804100080007310000330008124500670011425000670018126000890024830000110033750001120034865300500046065300320051065300320054265300260057465300200060065300260062065300270064665300210067365300320069465300300072665300280075665300220078465300320080665300280083865300240086665300380089065300280092865300740095665300120103065300240104265300630106665300300112965300220115965300320118120240701131629.0100823s1997||||ck a f |||| 001 0 spa d a9589400027 aspa1 aMontoya Toro, Mario.eEditor aFundamentos de Medicina.bCardiología /cMario Montoya Toro. a5a ed. bEquipo Médico del Centro Cardiovascular Colombiano. aMedellin [Colombia]: bCIB (Corporación para Investigaciones Biológicas);c1997. a446 p. aMontoya Toro, M. (Ed). (1997). Fundamentos de Medicina. Cardiología. (5a ed.). Medellin (Colombia) : CIB. aRepaso de anatomía fisiología cardíacas aSemiología cardiovascular aRadiología cardiovascular aElectrocardiografía aEcocardiografia aCardiología nuclear aCateterismo cardíaco aFalla cardíaca aCardiopatías congénitas aCardiopatías adquiridas aEndocarditis infecciosa aCardiomiopatías aEnfermedades del pericardio aHipertensión arterial aCrisis hipertensiva aEnfermedad cardíaca isquémica aCor pulmonale crónico aElectrofisiología, arritmias y sistema de estimulación cardíaca aSincope aTumores cardíacos aTratamiento quirúrgico de las enfermedades del corazón aResucitación cardíaca aTrauma cardíaca aRehabilitación cardíaca